|
|
|
|
| LEADER |
00000nam0a2200000 4500 |
| 001 |
50995 |
| 005 |
20231031034210.0 |
| 035 |
|
|
|a (RuTPU)RU\TPU\book\53385
|
| 090 |
|
|
|a 50995
|
| 100 |
|
|
|a 20030423d1986 km y0rusy50 ca
|
| 101 |
0 |
|
|a rus
|
| 102 |
|
|
|a UA
|
| 105 |
|
|
|a a z 001zy
|
| 200 |
1 |
|
|a Образование и снижение содержания окислов азота в пылеугольных котлах
|f И. Н. Шницер, В. В. Литовкин
|
| 210 |
|
|
|a Киев
|c Технiка
|d 1986
|
| 215 |
|
|
|a 110 с.
|c ил.
|
| 320 |
|
|
|a Библиогр.: с. 105-108.
|
| 610 |
1 |
|
|a окислы азота
|
| 610 |
1 |
|
|a пылеугольные котлы
|
| 610 |
1 |
|
|a образование
|
| 610 |
1 |
|
|a содержание
|
| 610 |
1 |
|
|a измерения
|
| 610 |
1 |
|
|a концентрация
|
| 610 |
1 |
|
|a влияние
|
| 675 |
|
|
|a 621.182.2-66
|v 3
|
| 700 |
|
1 |
|a Шницер
|b И. Н.
|g Иосиф Наумович
|
| 701 |
|
1 |
|a Литовкин
|b В. В.
|g Вячеслав Васильевич
|
| 801 |
|
1 |
|a RU
|b 63413507
|c 20030423
|g PSBO
|
| 801 |
|
2 |
|a RU
|b 63413507
|c 20141210
|g PSBO
|
| 942 |
|
|
|c BK
|